Quantitative conservation biology : (Registro nro. 5027)

Detalles MARC
000 -CABECERA
Campo de control 00775cam a22002294i 4500
005 - FECHA Y HORA DE LA ULTIMA TRANSACCION
Campo de control 20200104041555.0
008 - ELEMENTOS DE LONGITUD FIJA—INFORMACION GENERAL
Campo de control 020308s2002 maua b 001 0 eng
020 ## - ISBN
ISBN 0878935460 (pbk.)
040 ## - FUENTE DE CATALOGACIÓN
Agencia catalogadora original DLC
Agencia transcriptora DLC
Agencia Modificadora CO-BoIAVH
041 ## - IDIOMA
Código de idioma para texto/pista de sonido o título separado Inglés
042 ## - AUTHENTICATION CODE
Authentication code pcc
044 ## - PAÍS DE PUBLICACIÓN
País de publicación Estados Unidos
082 04 - NUMERO DE CLASIFICACION DECIMAL DEWEY
Número de clasificación 577.88
Número del ítem M87q
100 1# - ASIENTO PRINCIPAL--NOMBRE PERSONAL
Nombre personal Morris, William F.,
Fechas asociadas con el nombre 1961-
9 (RLIN) 49625
245 10 - MENCION DE TITULO
Título Quantitative conservation biology :
Parte restante del título theory and practice of population viability analysis /
Mención de responsabilidad William F. Morris, Daniel F. Doak.
260 ## - PUBLICACION, DISTRIBUCION, ETC. (PIE DE IMPRENTA)
Lugar de publicación, distribución, etc. Sunderland, Mass. :
Nombre del editor, distribuidor, etc. Sinauer Associates,
Fecha de publicación, distribución, etc. c2002.
300 ## - DESCRIPCION FISICA
Extensión xvi, 480 p. :
Otros detalles físicos ill. ;
Dimensiones 24 cm.
650 14 - ASIENTO SECUNDARIO DE MATERIA - TERMINO TEMATICO
Término temático o nombre geográfico como elemento de entrada Biología de población
9 (RLIN) 49436
650 24 - ASIENTO SECUNDARIO DE MATERIA - TERMINO TEMATICO
Término temático o nombre geográfico como elemento de entrada Conservación biológica
9 (RLIN) 98
700 1# - ASIENTO SECUNDARIO - NOMBRE PERSONAL
Nombre personal Doak, Daniel F.,
Fechas asociadas con el nombre 1961-,
Término de relación autor.
9 (RLIN) 49627
942 ## - ELEMENTOS ADICIONALES (KOHA)
Sistema de clasificación Dewey Decimal Classification
Tipo de ítem Libro
Existencias
Withdrawn status Lost status Sistema de Clasificación Damaged status No para préstamo Colección Inventariado Ubicación Permanente Ubicación actual Fecha de adquisición Fuente de Valor Total Checkouts Número topográfico Inventario / Código de Barras Date last seen Ejemplar Price effective from Forma de adquisición Tipo de material
    Dewey Decimal Classification     General Inventariado 2017 Bogotá Bogotá 28/12/2005 Amazon   LB-577.88 M87q 022700 04/12/2012 Ej. 1 04/12/2012 Compra Libro